00428 2200169 4500001002100000005001500021035002000036245004200056100002100098250001700119300002800136260003600164082000800200084001400208020002100222650001500243INLIS00000000000059220240822094005 a0010-08240001101 aMenanti Pengakuan /cDwianto setyawan0 aDwianto setyawan acetakan ke-4 a84 hlm :bIlus ;c21 cm aJakarta :bBalai Pustaka,c2007 a813 a813 DWI m a978-979-407-61-0 4aFiksi Anak